000 00540nmm a2200169Ia 4500
008 251105s9999||||xx |||||||||||||||||und||
020 _a9788499451015
041 _aspa
100 _aCarrillo Alday, Salvador
245 0 _aEl evangelio según san Juan :
_b El evangelio del camino, de la verdad y de la vida
264 _a[Madrid, España] :
_bEditorial Verbo Divino,
_c2010
300 _a520 páginas
490 _aEstudios bíblicos
650 _aReligion(s)
856 _uhttps://public.digitaliapublishing.com/a/9856
942 _cCF
999 _c92793
_d92793